Diseño del drenaje subsuperficial para 43.74 has de la finca El Silencio, Aguirre, Puntarenas

Bewaard in:
Bibliografische gegevens
Hoofdauteur: García Serrano, Pamela Ma
Formaat: Boek
Gepubliceerd in: [San José, Costa Rica] 2009
Onderwerpen:
Tags: Voeg label toe
Geen labels, Wees de eerste die dit record labelt!

MARC

LEADER 00000nam a2200000Ia 4500
003 010397
005 20221231144053.0
008 140114s2009 cr a 000 ||s d
040 |c cru CEDI  
090 |a TFG 5789 
100 |a García Serrano, Pamela Ma.   |9 4003 
245 |a  Diseño del drenaje subsuperficial para 43.74 has de la finca El Silencio, Aguirre, Puntarenas 
260 |c 2009  |b [San José, Costa Rica] 
300 |a  xviii, 164 hojas; ilustraciones (algunas a color), mapas (algunos a color) 
500 |a Proyecto (licenciatura en ingeniería agrícola)--Universidad de Costa Rica. Facultad de Ingeniería. Escuela de Ingeniería Agrícola 
650 |x DRENAJE   |x  RIEGO  |x  DISEÑO  |x  COOPESILENCIO (AGUIRRE, PUNTARENAS, COSTA RICA)   |x PALMA AFRICANA   |x  HIDROMETEOROLOGIA  |x  COSTA RICA   |9 4004 
942 |c TFG 
999 |c 16446  |d 16446